Normal view
MARC view
- Sun Y. (Editor)
Entry Personal Name
001 - CONTROL NUMBER
- control field: 175043
003 - CONTROL NUMBER IDENTIFIER
- control field: OSt
005 - DATE AND TIME OF LATEST TRANSACTION
- control field: 20230313131057.0
008 - FIXED-LENGTH DATA ELEMENTS
- fixed length control field: 230313|| aca||aabn | a|a d
040 ## - CATALOGING SOURCE
- Original cataloging agency: OSt
- Transcribing agency: OSt
100 ## - HEADING--PERSONAL NAME
- Personal name: Sun Y. (Editor)
670 ## - SOURCE DATA FOUND
- Source citation: Work cat.: (OSt)134482: Sun Y. (Editor), Design Of High Frequency Integrated Analogue Filters, 2002